LEADER 01557nam a2200349 i 4500 001 000000223006 003 CaOOAMICUS 005 20181107100005.0 008 131002s2011 it u000 u ita u 013 $a201903 020 $a978-88-6190-114-8 040 $aSeMil$bita 100 1 $aGaleazzi, Giacomo.$0(OLS)http://semarc/name/77851 245 10$aWojtyla segreto /$cGiacomo Galeazzi, Ferruccio Pinotti ; prefazione di monsignor Domenico Mogavero. 246 04$iTitolo in copertina:$aWojtyla segreto : la prima controinchiesta su Giovanni Paolo 2. 260 $aMilano :$bChiarelettere,$c2011. 300 $aXXI, 315 p. ;$c21 cm. 490 0 $aPrincipio attivo 500 $aFondo card. Carlo Maria Martini. 600 04$aGiovanni Paolo II .$0(OLS)http://semarc/subject/5525 700 1 $aPinotti, Ferruccio,$d<1959- >.$0(OLS)http://semarc/name/92697 700 1 $aMogavero, Domenico.$0(OLS)http://semarc/name/31632 830 0$aPrincipio attivo.$0(OLS)http://semarc/title/419741 850 $aSeMil 852 $aSeMil$W1$xVenegono$y1$m3A I 68$j173352$B173352$CSeMilBibl$Z2$F185595 $81 941 1 $a4 961 $aLascito: Martini Card. Carlo Maria 996 $6020$a978-88-6190-114-8$9(OLS)http://semarc/number/222753 996 $6245$aWojtyla segreto$9(OLS)http://semarc/title/319847 996 $6246$aWojtyla segreto : la prima controinchiesta su Giovanni Paolo 2.$9(OLS)http://semarc/title/319848 996 $6260$aMilano :$bChiarelettere$9(OLS)http://semarc/publisher/35000 LEADER 01886nam a2200361 i 4500 001 000000242713 003 CaOOAMICUS 005 20150612000000.0 008 150612s2014 gw u000 u eng u 013 $a221618 020 $a978-3-11-035053-1 020 $ae-978-3-11-035296-2 040 $aSeMil$bita 100 1 $aKartje, John <1966- >.$0(OLS)http://semarc/name/82011 245 10$aWisdom epistemology in the Psalter :$ba study of Psalms 1, 73, 90, and 10 /$cJohn Kartje. 260 $aBerlin ; Boston :$bDe Gruyter,$c2014. 300 $axii, 215 p. ;$c24 cm. 490 0 $aBeihefte zur Zeitschrift für die alttestamentliche Wissenschaft ;$v472 500 $aBibliography, p. [174]-203. 650 4$aBibbia. Antico Testamento. Salmi - Commentari, studi, critica, interpretazioni.$0(OLS)http://semarc/subject/289 650 4$aBibbia. Antico Testamento. Salmi, 90.$0(OLS)http://semarc/subject/42442 650 4$aBibbia. Antico Testamento. Salmi, 1.$0(OLS)http://semarc/subject/42443 650 4$aBibbia. Antico Testamento. Salmi, 73.$0(OLS)http://semarc/subject/42444 650 4$aBibbia. Antico Testamento. Salmi, 107.$0(OLS)http://semarc/subject/42445 650 4$aBibbia - AT - Salmi - Saggezza.$0(OLS)http://semarc/subject/42446 830 0$aBeihefte zur Zeitschrift für die alttestamentliche Wissenschaft ;$v472.$0(OLS)http://semarc/title/294 850 $aSeMil 852 $aSeMil$W1$xVenegono$y1$m2XA Q 472$j253595$B193059$CSeMilBibl$Z2$F203803 $81 961 $aSottoscrizione: De Gruyter 996 $6020$a978-3-11-035053-1$9(OLS)http://semarc/number/250165 996 $6020$ae-978-3-11-035296-2$9(OLS)http://semarc/number/250166 996 $6245$aWisdom epistemology in the Psalter :$ba study of Psalms 1, 73, 90, and 10$9(OLS)http://semarc/title/344489 996 $6260$aBerlin ; Boston :$bDe Gruyter$9(OLS)http://semarc/publisher/36449